[Event "HUN-ch rapid"]
[Site "Ajka"]
[Date "2020.07.18"]
[Round "5"]
[White "Acs, Marton"]
[Black "Horvath, Tamas I"]
[Result "1/2-1/2"]
[WhiteElo "2167"]
[BlackElo "2318"]
[PlyCount "95"]
[EventDate "2020.07.17"]
[EventType "swiss (rapid)"]
[EventRounds "13"]
[EventCountry "HUN"]
[SourceTitle "CBM 197 Extra"]
[Source "ChessBase"]
[SourceDate "2020.09.30"]
[SourceVersion "1"]
[SourceVersionDate "2020.09.30"]
[SourceQuality "1"]

1. Nf3 c5 2. c4 Nf6 3. d4 cxd4 4. Nxd4 e6 5. Nc3 Bb4 6. Qb3 Na6 7. a3 Be7 8. e4 d6 9. Be2 0-0 10. 0-0 Nc5 11. Qc2 a6 12. Be3 Qc7 13. f3 b6 14. Rfc1 Bb7 15. b4 Ncd7 16. Qd2 Rac8 17. Nb3 Qb8 18. a4 Rfe8 19. a5 d5 20. exd5 exd5 21. cxd5 Bxb4 22. Bd4 Nxd5 23. Bf1 b5 24. Qb2 Bf8 25. Ne4 Nf4 26. g3 Ne6 27. Bf2 Bxe4 28. fxe4 Ne5 29. Be2 Nc4 30. Qa2 Qe5 31. Bf3 Nc5 32. Bd4 Qg5 33. Nxc5 Bxc5 34. Bxc5 Qxc5+ 35. Qf2 Qe5 36. Bg2 Rc6 37. Rf1 Rf6 38. Qa7 h6 39. Rxf6 Qxf6 40. Rf1 Qe6 41. Bh3 Qe7 42. Qxa6 Qxe4 43. Qxb5 Ne3 44. Re1 Re5 45. Qe2 Qd4 46. Qf2 f5 47. a6 Qa7 48. Bf1 1/2-1/2

[Event "HUN-chT U18"]
[Site "Budapest"]
[Date "2019.10.26"]
[Round "1.1"]
[White "Acs, Marton"]
[Black "Szalay Ocsak, Bank"]
[Result "1-0"]
[WhiteElo "2126"]
[BlackElo "1852"]
[PlyCount "75"]
[EventDate "2019.10.26"]
[EventType "team-swiss"]
[EventRounds "7"]
[EventCountry "HUN"]
[SourceTitle "CBM 192 Extra"]
[Source "Chessbase"]
[SourceDate "2019.11.06"]
[SourceVersion "1"]
[SourceVersionDate "2019.11.06"]
[SourceQuality "1"]
[WhiteTeam "Tapolca VSE"]
[BlackTeam "Budapest MTK III"]
[WhiteTeamCountry "HUN"]
[BlackTeamCountry "HUN"]

1. Nf3 Nf6 2. g3 d5 3. Bg2 c6 4. 0-0 Bg4 5. d4 e6 6. Nbd2 Nbd7 7. Re1 Be7 8. c3 0-0 9. e4 dxe4 10. Nxe4 Nxe4 11. Rxe4 Bxf3 12. Bxf3 Bg5 13. Bxg5 Qxg5 14. a4 a5 15. Qb3 Rab8 16. c4 Qd8 17. Rd1 Qc7 18. Re3 Nf6 19. Rc3 Qe7 20. Qb6 Qd8 21. Qc5 Nd7 22. Qa3 Nf6 23. b4 axb4 24. Qxb4 Qd7 25. a5 Rfd8 26. Qb6 Rbc8 27. Rb3 Rc7 28. Kg2 h6 29. h4 Qe7 30. a6 bxa6 31. Qxa6 c5 32. d5 Ra7 33. Qc6 Rad7 34. Re1 Qd6 35. dxe6 Qxc6 36. Bxc6 Rd6 37. e7 Rc8 38. e8Q+ 1-0

[Event "HUN-ch U18"]
[Site "Balatonlelle"]
[Date "2019.06.26"]
[Round "7"]
[White "Acs, Marton"]
[Black "Horvath, Balazs1111"]
[Result "1-0"]
[WhiteElo "2138"]
[BlackElo "2139"]
[PlyCount "59"]
[EventDate "2019.06.21"]
[EventType "swiss"]
[EventRounds "9"]
[EventCountry "HUN"]
[SourceTitle "CBM 191 Extra"]
[Source "ChessBase"]
[SourceDate "2019.09.30"]
[SourceVersion "1"]
[SourceVersionDate "2019.09.30"]
[SourceQuality "1"]

1. Nf3 Nf6 2. g3 g6 3. Bg2 Bg7 4. 0-0 0-0 5. d4 d5 6. c4 c6 7. Qb3 b6 8. Nc3 Na6 9. Ne5 Bb7 10. Rd1 Rc8 11. e4 e6 12. Bg5 dxc4 13. Nxc4 Qd7 14. Bh3 h6 15. Bf4 g5 16. Be5 g4 17. Bf1 h5 18. Nd6 Ra8 19. Qa3 Nb8 20. Ne2 Ne8 21. Nf4 f6 22. Bc4 Nc7 23. Nxe6 Nxe6 24. Qb3 Kh7 25. Bxe6 Qe7 26. Nf5 Qd8 27. Bd6 Rh8 28. Ne7 Bh6 29. e5 Re8 30. Qd3+ 1-0

[Event "HUN-ch U18"]
[Site "Balatonlelle"]
[Date "2019.06.24"]
[Round "5"]
[White "Acs, Marton"]
[Black "Monduk, Ferenc"]
[Result "1-0"]
[WhiteElo "2138"]
[BlackElo "1717"]
[PlyCount "39"]
[EventDate "2019.06.21"]
[EventType "swiss"]
[EventRounds "9"]
[EventCountry "HUN"]
[SourceTitle "CBM 191 Extra"]
[Source "ChessBase"]
[SourceDate "2019.09.30"]
[SourceVersion "1"]
[SourceVersionDate "2019.09.30"]
[SourceQuality "1"]

1. Nf3 Nf6 2. g3 g6 3. Bg2 Bg7 4. 0-0 0-0 5. d4 d6 6. b3 c5 7. Bb2 cxd4 8. Nxd4 Nbd7 9. c4 a6 10. Nc3 e5 11. Nc2 Nc5 12. Qd2 Qe7 13. Rad1 Rd8 14. Ne3 Be6 15. b4 Ncd7 16. Bxb7 Ra7 17. Bg2 Rb8 18. Ncd5 Nxd5 19. cxd5 Bf5 20. g4 1-0

[Event "HUN-chT2 Charousek 1819"]
[Site "Hungary"]
[Date "2019.03.31"]
[Round "10.7"]
[White "Bednay, Bence"]
[Black "Acs, Marton"]
[Result "1/2-1/2"]
[WhiteElo "2197"]
[BlackElo "2093"]
[PlyCount "68"]
[EventDate "2018.09.23"]
[EventType "team-tourn"]
[EventRounds "11"]
[EventCountry "HUN"]
[SourceTitle "EXT 2021"]
[Source "ChessBase"]
[SourceDate "2020.10.23"]
[SourceVersion "1"]
[SourceVersionDate "2020.10.23"]
[SourceQuality "1"]
[WhiteTeam "Biatorbagy"]
[BlackTeam "Tapolca Varosi"]
[WhiteTeamCountry "HUN"]
[BlackTeamCountry "HUN"]

1. c4 Nf6 2. Nc3 e6 3. Nf3 Bb4 4. g3 b6 5. Bg2 Bb7 6. 0-0 0-0 7. Qc2 d5 8. cxd5 exd5 9. d4 Na6 10. a3 Be7 11. b4 c5 12. bxc5 bxc5 13. Rb1 Rb8 14. Bf4 Bd6 15. Bxd6 Qxd6 16. Nb5 Qe7 17. dxc5 Qxc5 18. Qxc5 Nxc5 19. Rfc1 Nce4 20. Nxa7 Ba6 21. Nd4 Rxb1 22. Rxb1 Nc3 23. Rb2 Ra8 24. Nac6 g6 25. e3 Bc4 26. Rb8+ Rxb8 27. Nxb8 Nfe4 28. Nd7 Nd2 29. Nc5 Kf8 30. Nd7+ Ke7 31. Ne5 Ndb1 32. Nxc4 dxc4 33. Nc2 Kd6 34. Kf1 Kc5 1/2-1/2

[Event "HUN-chT2 Charousek 1819"]
[Site "Hungary"]
[Date "2018.10.28"]
[Round "3.6"]
[White "Acs, Marton"]
[Black "Nagy, Tamas1111"]
[Result "1-0"]
[WhiteElo "2093"]
[BlackElo "1992"]
[PlyCount "123"]
[EventDate "2018.09.23"]
[EventType "team-tourn"]
[EventRounds "11"]
[EventCountry "HUN"]
[SourceTitle "CBM 189 Extra"]
[Source "ChessBase"]
[SourceDate "2019.06.03"]
[SourceVersion "1"]
[SourceVersionDate "2019.06.03"]
[SourceQuality "1"]
[WhiteTeam "Tapolca Varosi"]
[BlackTeam "Gyor Szechenyi"]
[WhiteTeamCountry "HUN"]
[BlackTeamCountry "HUN"]

1. Nf3 d5 2. g3 c6 3. Bg2 Nf6 4. 0-0 Bg4 5. d4 e6 6. Nbd2 Be7 7. Re1 Nbd7 8. c3 0-0 9. e4 dxe4 10. Nxe4 Nxe4 11. Rxe4 Nf6 12. Re1 Qb6 13. Qb3 Rfd8 14. Ne5 Bf5 15. Nc4 Qxb3 16. axb3 Nd5 17. b4 Nxb4 18. cxb4 Bxb4 19. Rd1 Bc2 20. Bg5 Bxd1 21. Bxd8 Bb3 22. Ba5 Bxc4 23. Bxb4 a6 24. Rc1 Bb5 25. Bf1 Bxf1 26. Kxf1 Rd8 27. Bc5 f6 28. Ke2 Kf7 29. Kd3 Rd5 30. Rc3 Ke8 31. Rb3 Rd7 32. Kc4 a5 33. Bb6 Rd5 34. Kd3 e5 35. Ke4 exd4 36. Bxd4 b5 37. Rd3 Rh5 38. h4 c5 39. Bc3 b4 40. Bd2 Re5+ 41. Kf3 Rf5+ 42. Ke2 c4 43. Rd4 Rc5 44. Kd1 Ke7 45. Be3 Ke6 46. Re4+ Kd5 47. Bxc5 Kxe4 48. Bb6 a4 49. Bc5 c3 50. bxc3 a3 51. Kc2 a2 52. Kb2 b3 53. Bd4 Kd3 54. g4 h6 55. f3 Kc4 56. f4 Kd3 57. h5 Ke4 58. g5 Kxf4 59. gxf6 gxf6 60. Bxf6 Ke4 61. c4 Kf5 62. Bh8 1-0

[Event "HUN-chT U18"]
[Site "Zalakaros"]
[Date "2018.07.26"]
[Round "1.3"]
[White "Acs, Marton"]
[Black "Szabo, Andrea Erzsebet"]
[Result "1-0"]
[WhiteElo "2157"]
[BlackElo "1588"]
[PlyCount "37"]
[EventDate "2018.07.26"]
[EventType "team-swiss"]
[EventRounds "7"]
[EventCountry "HUN"]
[SourceTitle "CBM 185 Extra"]
[Source "ChessBase"]
[SourceDate "2018.07.29"]
[SourceVersion "1"]
[SourceVersionDate "2018.07.29"]
[SourceQuality "1"]
[WhiteTeam "Tapolca"]
[BlackTeam "Edeleny"]
[WhiteTeamCountry "HUN"]
[BlackTeamCountry "HUN"]

1. Nf3 d5 2. g3 Nf6 3. Bg2 Nc6 4. d4 Bf5 5. c4 Be4 6. Nc3 e6 7. Qa4 Be7 8. 0-0 0-0 9. Rd1 Nb4 10. Nxe4 Nxe4 11. a3 Na6 12. Bf4 c6 13. Rac1 Qb6 14. b4 dxc4 15. Ne5 Nf6 16. Nxc4 Qd8 17. Na5 Qc8 18. Nxc6 bxc6 19. Rxc6 1-0

[Event "HUN-chT U18"]
[Site "Zalakaros"]
[Date "2018.07.26"]
[Round "2.4"]
[White "Kratzmajer, Akos Gyorgy"]
[Black "Acs, Marton"]
[Result "1/2-1/2"]
[WhiteElo "1972"]
[BlackElo "2157"]
[PlyCount "99"]
[EventDate "2018.07.26"]
[EventType "team-swiss"]
[EventRounds "7"]
[EventCountry "HUN"]
[SourceTitle "CBM 185 Extra"]
[Source "ChessBase"]
[SourceDate "2018.07.29"]
[SourceVersion "1"]
[SourceVersionDate "2018.07.29"]
[SourceQuality "1"]
[WhiteTeam "Dunaujvaros Bastya"]
[BlackTeam "Tapolca"]
[WhiteTeamCountry "HUN"]
[BlackTeamCountry "HUN"]

1. e4 e5 2. Nf3 Nc6 3. d4 exd4 4. Nxd4 Nf6 5. Nc3 Bb4 6. Nxc6 bxc6 7. Bd3 d5 8. exd5 cxd5 9. 0-0 0-0 10. Bg5 c6 11. Na4 Be6 12. Rc1 Be7 13. c4 d4 14. a3 Rb8 15. b4 a5 16. Bxf6 Bxf6 17. b5 Be7 18. b6 Bxa3 19. Bxh7+ Kxh7 20. Qd3+ g6 21. Qxa3 Bf5 22. Qc5 d3 23. Qxa5 Qd4 24. Qc3 Rfd8 25. Rfd1 d2 26. Qxd4 Rxd4 27. Rc3 Re8 28. Re3 Rxe3 29. fxe3 Rxc4 30. b7 Rb4 31. Nc5 Rb1 32. Rxb1 Bxb1 33. b8Q d1Q+ 34. Kf2 Qc2+ 35. Kf3 Qf5+ 36. Ke2 Qc2+ 37. Kf3 Qf5+ 38. Ke2 Qxc5 39. Qxb1 Qb5+ 40. Qxb5 cxb5 41. h4 g5 42. hxg5 Kg6 43. Kd3 Kxg5 44. Kd4 Kf5 45. Kc5 Ke4 46. Kxb5 Kxe3 47. Kc5 Kf2 48. Kd5 Kxg2 49. Ke5 f5 50. Kxf5 1/2-1/2

[Event "HUN-ch U18"]
[Site "Balatonlelle"]
[Date "2018.06.28"]
[Round "9"]
[White "Horvath, Balazs1111"]
[Black "Acs, Marton"]
[Result "0-1"]
[WhiteElo "2142"]
[BlackElo "2105"]
[PlyCount "102"]
[EventDate "2018.06.21"]
[EventType "swiss"]
[EventRounds "9"]
[EventCountry "HUN"]
[SourceTitle "EXT 2019"]
[Source "ChessBase"]
[SourceDate "2018.10.10"]
[SourceVersion "1"]
[SourceVersionDate "2018.10.10"]
[SourceQuality "1"]

1. e4 e5 2. Bc4 Nf6 3. d3 c6 4. Nc3 d5 5. exd5 cxd5 6. Bb3 Bb4 7. Bd2 Nc6 8. h3 0-0 9. Nge2 Re8 10. 0-0 h6 11. a3 Bc5 12. Kh1 Bf5 13. Ng3 Bh7 14. Nh5 Nxh5 15. Qxh5 Bg6 16. Qg4 h5 17. Qg3 h4 18. Qg4 e4 19. Bg5 Qc8 20. Nxd5 Nd4 21. Bxh4 Nxb3 22. cxb3 exd3 23. Qg3 Qc6 24. Nc3 Bd4 25. f4 Re3 26. Rf3 Rxf3 27. Qxf3 Qxf3 28. gxf3 Rc8 29. Be1 Be3 30. Nd5 Rc1 31. Rxc1 Bxc1 32. Ne7+ Kh7 33. Nc8 d2 34. Bxd2 Bxd2 35. Nxa7 Bxf4 36. b4 Bc1 37. a4 Bxb2 38. Nc8 Bc3 39. Nd6 Bxb4 40. Nxb7 Bd3 41. Nd8 Bc4 42. Nc6 Bc3 43. Kg2 Bd5 44. Ne7 Bb3 45. Nf5 Bxa4 46. Ng3 Kg6 47. Ne4 Be5 48. Nf2 Kf5 49. Ne4 Kf4 50. Nc5 Bb5 51. Nb3 Bc6 0-1

[Event "HUN-chT2 Charousek 1718"]
[Site "Hungary"]
[Date "2018.05.06"]
[Round "9.8"]
[White "Kovacs, Elod"]
[Black "Acs, Marton"]
[Result "1/2-1/2"]
[WhiteElo "2096"]
[BlackElo "2123"]
[PlyCount "39"]
[EventDate "2017.10.29"]
[EventType "team-tourn"]
[EventRounds "9"]
[EventCountry "HUN"]
[SourceTitle "EXT 2020"]
[Source "ChessBase"]
[SourceDate "2019.10.17"]
[SourceVersion "1"]
[SourceVersionDate "2019.10.17"]
[SourceQuality "1"]
[WhiteTeam "Balatonfuered"]
[BlackTeam "Tapolca Rockwool"]
[WhiteTeamCountry "HUN"]
[BlackTeamCountry "HUN"]

1. d4 Nf6 2. c4 e6 3. Nf3 b6 4. g3 Bb7 5. Bg2 Be7 6. 0-0 0-0 7. Nc3 Ne4 8. Nxe4 Bxe4 9. Ne1 Bxg2 10. Nxg2 c5 11. d5 Bf6 12. Nf4 g6 13. Qc2 Na6 14. Rd1 e5 15. Ng2 d6 16. e4 Nc7 17. Bh6 Re8 18. h4 a6 19. Ne3 Bxh4 20. Kg2 1/2-1/2

[Event "HUN-chT2 Charousek 1718"]
[Site "Hungary"]
[Date "2017.10.29"]
[Round "1.8"]
[White "Acs, Marton"]
[Black "Csiszar, Zoltan"]
[Result "1-0"]
[WhiteElo "2123"]
[BlackElo "2259"]
[PlyCount "103"]
[EventDate "2017.10.29"]
[EventType "team-tourn"]
[EventRounds "9"]
[EventCountry "HUN"]
[SourceTitle "EXT 2020"]
[Source "ChessBase"]
[SourceDate "2019.10.17"]
[SourceVersion "1"]
[SourceVersionDate "2019.10.17"]
[SourceQuality "1"]
[WhiteTeam "Tapolca Rockwool"]
[BlackTeam "Csuti Hydro"]
[WhiteTeamCountry "HUN"]
[BlackTeamCountry "HUN"]

1. d4 Nf6 2. Nf3 e6 3. g3 d5 4. Bg2 Be7 5. 0-0 0-0 6. c4 dxc4 7. Qc2 a6 8. a4 Bd7 9. Qxc4 Bc6 10. Bf4 a5 11. Nc3 Na6 12. Ne5 Bxg2 13. Kxg2 c6 14. e4 Qb6 15. Be3 Qc7 16. Qe2 Nb4 17. Nc4 Qd8 18. Rfd1 Re8 19. Rac1 Bf8 20. Qf3 Nd7 21. d5 cxd5 22. exd5 exd5 23. Nxd5 Nxd5 24. Qxd5 Nf6 25. Qxd8 Rexd8 26. Rxd8 Rxd8 27. Nxa5 Nd5 28. Bc5 b6 29. Bxf8 Kxf8 30. Nc4 Ke7 31. Kf3 Ke6 32. Rd1 Rb8 33. Re1+ Kf6 34. Ne3 Nxe3 35. Rxe3 Ra8 36. Ra3 Ke5 37. Ke3 Kd5 38. Kd3 Kc5 39. Kc3 Re8 40. b4+ Kc6 41. Ra2 h5 42. h4 f6 43. Kd3 g6 44. Re2 Rd8+ 45. Kc4 Rd6 46. Re7 b5+ 47. axb5+ Kb6 48. Rg7 f5 49. Re7 Rf6 50. f4 Rd6 51. Re8 Rf6 52. Rb8+ 1-0

[Event "HUN-ch U16"]
[Site "Balatonlelle"]
[Date "2016.06.30"]
[Round "9"]
[White "Szabo, Marton Mihaly"]
[Black "Acs, Marton"]
[Result "1-0"]
[WhiteElo "2094"]
[BlackElo "2063"]
[PlyCount "71"]
[EventDate "2016.06.24"]
[EventType "swiss"]
[EventRounds "9"]
[EventCountry "HUN"]
[SourceTitle "CBM 173 Extra"]
[Source "ChessBase"]
[SourceDate "2016.08.29"]
[SourceVersion "1"]
[SourceVersionDate "2016.08.29"]
[SourceQuality "1"]

1. e4 e5 2. Nf3 Nc6 3. d4 exd4 4. Nxd4 Bb4+ 5. c3 Bc5 6. Be3 Bb6 7. Nf5 Bxe3 8. Nxe3 Nf6 9. Bd3 0-0 10. 0-0 Re8 11. Qc2 Ne5 12. Be2 Ng6 13. f3 d5 14. Nxd5 Nxd5 15. exd5 Qxd5 16. Bd3 Qc5+ 17. Kh1 Be6 18. Nd2 Rad8 19. Nb3 Bxb3 20. axb3 Rd6 21. Be4 Red8 22. Rfd1 b6 23. b4 Qe5 24. g3 a5 25. bxa5 bxa5 26. Rxd6 Rxd6 27. b4 f5 28. Rxa5 Qe7 29. Rxf5 Qd8 30. Qa2+ Kh8 31. Rd5 Nf8 32. Qd2 Rxd5 33. Qxd5 Qf6 34. Qf5 Qd6 35. Bd5 Qe7 36. Qf7 1-0

[Event "HUN-ch U16"]
[Site "Balatonlelle"]
[Date "2016.06.28"]
[Round "6"]
[White "Acs, Marton"]
[Black "Miszler, Levente"]
[Result "1/2-1/2"]
[WhiteElo "2063"]
[BlackElo "1918"]
[PlyCount "109"]
[EventDate "2016.06.24"]
[EventType "swiss"]
[EventRounds "9"]
[EventCountry "HUN"]
[SourceTitle "CBM 173 Extra"]
[Source "ChessBase"]
[SourceDate "2016.08.29"]
[SourceVersion "1"]
[SourceVersionDate "2016.08.29"]
[SourceQuality "1"]

1. d4 Nf6 2. Nf3 d6 3. g3 g6 4. Bg2 Bg7 5. b3 0-0 6. 0-0 Nbd7 7. Bb2 c5 8. c4 cxd4 9. Nxd4 a6 10. Nc3 Qc7 11. Nc2 Rb8 12. Ne3 Nb6 13. a4 Ng4 14. a5 Nxe3 15. axb6 Qxb6 16. fxe3 Qxe3+ 17. Kh1 Bxc3 18. Rf3 Qxf3 19. Bxf3 Bxb2 20. Rb1 Bf6 21. Qd3 Bf5 22. Be4 Bxe4+ 23. Qxe4 b5 24. Rc1 bxc4 25. Qxc4 Rb5 26. Qa4 Rfb8 27. Qxa6 Rxb3 28. Rc8+ Rxc8 29. Qxc8+ Kg7 30. Qc4 Re3 31. Kg2 d5 32. Qc2 d4 33. Kf2 e5 34. Qc5 Rc3 35. Qd5 h5 36. Qe4 h4 37. Qd5 hxg3+ 38. hxg3 Re3 39. Qd6 Rc3 40. Qd5 Rc8 41. Qe4 Re8 42. Kg2 Bg5 43. Qg4 Be3 44. Qd7 Re6 45. Qd5 e4 46. Kh3 g5 47. Qf5 Re7 48. Kg4 f6 49. Kh5 Kf7 50. Qd5+ Kg7 51. Qf5 Rf7 52. Qxe4 Bf2 53. Qg6+ Kf8 54. Kg4 f5+ 55. Kf3 1/2-1/2

[Event "HUN-ch U16"]
[Site "Balatonlelle"]
[Date "2016.06.27"]
[Round "5"]
[White "Kaloczi, Kristof"]
[Black "Acs, Marton"]
[Result "1/2-1/2"]
[WhiteElo "1835"]
[BlackElo "2063"]
[PlyCount "44"]
[EventDate "2016.06.24"]
[EventType "swiss"]
[EventRounds "9"]
[EventCountry "HUN"]
[SourceTitle "CBM 173 Extra"]
[Source "ChessBase"]
[SourceDate "2016.08.29"]
[SourceVersion "1"]
[SourceVersionDate "2016.08.29"]
[SourceQuality "1"]

1. d4 d5 2. Nf3 Nf6 3. Bf4 g6 4. e3 Bg7 5. c4 c6 6. Nc3 0-0 7. Be2 Nbd7 8. cxd5 Nxd5 9. Nxd5 cxd5 10. 0-0 Nb6 11. Rc1 Bf5 12. Bc7 Qd7 13. Qb3 Rfc8 14. Bxb6 axb6 15. a3 Qd6 16. h3 h6 17. Rfd1 Bd7 18. Bb5 Be6 19. Nd2 Bf5 20. Bd3 Bd7 21. Bb5 Bf5 22. Bd3 Bd7 1/2-1/2

[Event "HUN-ch U16"]
[Site "Balatonlelle"]
[Date "2016.06.25"]
[Round "2"]
[White "Acs, Marton"]
[Black "Polyik, Peter"]
[Result "1/2-1/2"]
[WhiteElo "2063"]
[BlackElo "2196"]
[PlyCount "60"]
[EventDate "2016.06.24"]
[EventType "swiss"]
[EventRounds "9"]
[EventCountry "HUN"]
[SourceTitle "CBM 173 Extra"]
[Source "ChessBase"]
[SourceDate "2016.08.29"]
[SourceVersion "1"]
[SourceVersionDate "2016.08.29"]
[SourceQuality "1"]

1. d4 Nf6 2. Nf3 e6 3. g3 b6 4. Bg2 Bb7 5. 0-0 c5 6. c4 cxd4 7. Qxd4 Nc6 8. Qf4 Ne7 9. Nc3 Ng6 10. Qd2 Qc8 11. b3 d5 12. cxd5 Bb4 13. Bb2 Nxd5 14. Rac1 0-0 15. a3 Bxc3 16. Bxc3 Nxc3 17. Rxc3 Qb8 18. Rfc1 Rd8 19. Qe3 Ne7 20. Qe5 Nd5 21. R3c2 a5 22. Qxb8 Raxb8 23. Ne5 Rbc8 24. Rxc8 Rxc8 25. Rxc8+ Bxc8 26. Nc4 Nc3 27. e3 Ne2+ 28. Kh1 Nc1 29. b4 axb4 30. axb4 Ba6 1/2-1/2

[Event "HUN-ch U16"]
[Site "Balatonlelle"]
[Date "2016.06.24"]
[Round "1"]
[White "Palkovics, Balazs"]
[Black "Acs, Marton"]
[Result "0-1"]
[WhiteElo "1668"]
[BlackElo "2063"]
[PlyCount "80"]
[EventDate "2016.06.24"]
[EventType "swiss"]
[EventRounds "9"]
[EventCountry "HUN"]
[SourceTitle "CBM 173 Extra"]
[Source "ChessBase"]
[SourceDate "2016.08.29"]
[SourceVersion "1"]
[SourceVersionDate "2016.08.29"]
[SourceQuality "1"]

1. e4 e5 2. Nf3 Nc6 3. Bb5 a6 4. Ba4 Nf6 5. d3 b5 6. Bb3 Be7 7. 0-0 d6 8. c3 0-0 9. Re1 Bb7 10. d4 exd4 11. cxd4 Na5 12. Bc2 c5 13. d5 Nd7 14. Bf4 Qc7 15. Nbd2 Bf6 16. Rb1 Rfe8 17. a3 c4 18. Nf1 Nc5 19. Nd4 g6 20. Qd2 Qb6 21. Rbd1 Rac8 22. Qb4 Nd3 23. Bxd3 Bxd4 24. Be3 Bxe3 25. Nxe3 cxd3 26. Rxd3 Kg7 27. b3 f6 28. a4 Ba8 29. Ra1 Nb7 30. axb5 Qxb5 31. Qxb5 axb5 32. f3 Nc5 33. Rc3 b4 34. Rc2 Rc7 35. Rac1 Ra7 36. Rc4 f5 37. Rb1 fxe4 38. fxe4 Rxe4 39. Rxe4 Nxe4 40. Nc4 Bxd5 0-1

[Event "HUN-chT2 Charousek 1516"]
[Site "Hungary"]
[Date "2016.04.17"]
[Round "9.9"]
[White "Acs, Marton"]
[Black "Hitter, Gabriela"]
[Result "0-1"]
[WhiteElo "2064"]
[BlackElo "2040"]
[PlyCount "56"]
[EventDate "2015.10.18"]
[EventType "team-tourn"]
[EventRounds "9"]
[EventCountry "HUN"]
[SourceTitle "EXT 2017"]
[Source "ChessBase"]
[SourceDate "2016.10.25"]
[SourceVersion "1"]
[SourceVersionDate "2016.10.25"]
[SourceQuality "1"]
[WhiteTeam "Tapolca Rockwool"]
[BlackTeam "SZASTE"]
[WhiteTeamCountry "HUN"]
[BlackTeamCountry "HUN"]

1. d4 d5 2. Nf3 Nf6 3. g3 c6 4. Bg2 g6 5. 0-0 Bg7 6. c4 0-0 7. cxd5 cxd5 8. Nc3 Ne4 9. Nxe4 dxe4 10. Ne5 Qd5 11. f3 Bxe5 12. dxe5 Qxe5 13. fxe4 Nc6 14. Bh6 Rd8 15. Qb3 Be6 16. Qxb7 Qc5+ 17. Kh1 Na5 18. b4 Nxb7 19. bxc5 Nxc5 20. Be3 Na4 21. Rfc1 a5 22. a3 Rac8 23. e5 Rxc1+ 24. Rxc1 Bb3 25. Bc6 Nb2 26. Rc3 a4 27. Bg5 Rc8 28. Rc1 Rxc6 0-1

[Event "HUN-chT2 Charousek 1516"]
[Site "Hungary"]
[Date "2016.04.03"]
[Round "8.10"]
[White "Acs, Marton"]
[Black "Horvath, Balazs1111"]
[Result "1-0"]
[WhiteElo "2064"]
[BlackElo "2044"]
[PlyCount "99"]
[EventDate "2015.10.18"]
[EventType "team-tourn"]
[EventRounds "9"]
[EventCountry "HUN"]
[SourceTitle "EXT 2017"]
[Source "ChessBase"]
[SourceDate "2016.10.25"]
[SourceVersion "1"]
[SourceVersionDate "2016.10.25"]
[SourceQuality "1"]
[WhiteTeam "Tapolca Rockwool"]
[BlackTeam "Decs 1990"]
[WhiteTeamCountry "HUN"]
[BlackTeamCountry "HUN"]

1. d4 Nf6 2. Nf3 g6 3. g3 Bg7 4. Bg2 0-0 5. 0-0 d6 6. b3 Nbd7 7. Bb2 c6 8. Re1 Qc7 9. e4 e5 10. dxe5 Nxe5 11. h3 b6 12. Nbd2 Ba6 13. a4 Rad8 14. Nd4 c5 15. Nb5 Bxb5 16. axb5 c4 17. Nxc4 Nxc4 18. bxc4 Qxc4 19. Qd3 Qc7 20. Ra4 Rc8 21. e5 dxe5 22. Bxe5 Qxc2 23. Qxc2 Rxc2 24. Rxa7 Re8 25. Bc6 Re6 26. Ra8+ Bf8 27. f4 Kg7 28. g4 Bd6 29. Rd8 Bc7 30. Rd3 Bxe5 31. fxe5 Ng8 32. Bd7 Re7 33. Rd6 Rc5 34. e6 fxe6 35. Rexe6 Rxe6 36. Rxe6 Rc7 37. Bc6 Re7 38. Rd6 Nf6 39. Rd8 Kf7 40. Rb8 Rc7 41. Rxb6 Ke7 42. Rb7 Rxb7 43. Bxb7 g5 44. Bc6 h5 45. h4 Nxg4 46. b6 Kd6 47. b7 Kc7 48. hxg5 Ne5 49. Be4 Nf7 50. g6 1-0

[Event "HUN-chT2 Charousek 1516"]
[Site "Hungary"]
[Date "2015.11.08"]
[Round "2.10"]
[White "Bartha, Sandor"]
[Black "Acs, Marton"]
[Result "1/2-1/2"]
[WhiteElo "2065"]
[BlackElo "1975"]
[PlyCount "110"]
[EventDate "2015.10.18"]
[EventType "team-tourn"]
[EventRounds "9"]
[EventCountry "HUN"]
[SourceTitle "CBM 170 Extra"]
[Source "ChessBase"]
[SourceDate "2016.02.25"]
[SourceVersion "1"]
[SourceVersionDate "2016.02.25"]
[SourceQuality "1"]
[WhiteTeam "Balatonfuered"]
[BlackTeam "Tapolca Rockwool"]
[WhiteTeamCountry "HUN"]
[BlackTeamCountry "HUN"]

1. c4 Nf6 2. Nf3 g6 3. g3 Bg7 4. Bg2 0-0 5. 0-0 c6 6. Nc3 d5 7. cxd5 Nxd5 8. Nxd5 cxd5 9. d3 Nc6 10. Rb1 Bg4 11. h3 Bxf3 12. Bxf3 Qd7 13. Bg2 e6 14. b4 Rfc8 15. Bb2 Bxb2 16. Rxb2 Nd4 17. e3 Nb5 18. Qd2 Rc7 19. Rc1 Rac8 20. Rbc2 Na3 21. Rxc7 Rxc7 22. Qb2 Nb5 23. a4 Nd6 24. b5 Qc8 25. Rxc7 Qxc7 26. Qa3 b6 27. Bf1 Nf5 28. Kg2 Qc2 29. Kg1 Qc7 30. Bg2 Nd6 31. Qb2 Nb7 32. Bf3 Nc5 33. Qc2 Na6 34. Qb2 Nc5 35. Qa3 Nb7 36. Bd1 Qc5 37. Qb2 Nd6 38. Kg2 Ne8 39. Qa1 Qc7 40. Kh2 Nd6 41. Bf3 Qc2 42. Kg2 Qxd3 43. Qe5 Qa3 44. h4 h5 45. Qg5 Kf8 46. Qf4 Ke7 47. Qg5+ Kd7 48. Qf4 Qc5 49. Qf6 Qc4 50. Qa1 Ne4 51. Bxe4 Qxe4+ 52. Kg1 Qc4 53. Kg2 Ke7 54. Qa3+ Qc5 55. Qb2 Qc4 1/2-1/2

[Event "HUN-chT U18"]
[Site "Budapest"]
[Date "2015.08.28"]
[Round "4.39"]
[White "Acs, Marton"]
[Black "Kaloczi, Kristof"]
[Result "1-0"]
[WhiteElo "2006"]
[BlackElo "1848"]
[PlyCount "99"]
[EventDate "2015.08.26"]
[EventType "team-swiss"]
[EventRounds "8"]
[EventCountry "HUN"]
[SourceTitle "EXT 2016"]
[Source "ChessBase"]
[SourceDate "2015.10.08"]
[SourceVersion "1"]
[SourceVersionDate "2015.10.08"]
[SourceQuality "1"]

1. d4 Nf6 2. Nf3 e6 3. g3 b6 4. Bg2 Bb7 5. 0-0 Be7 6. c4 0-0 7. Nc3 Ne4 8. Bd2 d6 9. d5 Nxc3 10. Bxc3 e5 11. e4 Bc8 12. Nd2 f5 13. exf5 Bxf5 14. Ne4 Nd7 15. b4 h6 16. Qe2 Nf6 17. Nxf6+ Bxf6 18. c5 a5 19. a3 axb4 20. axb4 Qd7 21. Bb2 bxc5 22. bxc5 Rfb8 23. c6 Qc8 24. f4 exf4 25. Bxf6 gxf6 26. gxf4 Qe8 27. Qf2 Qg6 28. Kh1 Be4 29. Rxa8 Rxa8 30. Bxe4 Qxe4+ 31. Qg2+ Qxg2+ 32. Kxg2 Ra2+ 33. Kg3 Rd2 34. Rb1 Rxd5 35. Rb7 Rc5 36. Rxc7 Kf8 37. Kg4 Ke8 38. f5 d5 39. Kh5 d4 40. Kg6 Kd8 41. Rd7+ Ke8 42. Rd6 d3 43. Kxf6 d2 44. Rxd2 Rxc6+ 45. Kg7 Rc7+ 46. Kg6 Rc1 47. Ra2 Rc8 48. f6 h5 49. Ra7 Kf8 50. Rh7 1-0